000 01139nam a2200301 i 4500
001 186119
003 SpMaBN
005 20230906222610.0
008 160909s1990 sp |||| |dspa d
020 _a84-249-1424-4
080 _a821.124-14"-00"
100 1 _aVirgilio Marón, Publio.
_9115452
245 1 0 _aBucólicas
_b; Geórgicas ; Apéndice virgiliano /
_cP. Virgilio Marón ; introducción general, J.L. Vidal ; traducciones, introducciones y notas por Tomás de la Ascensión Recio García y Arturo Soler Ruiz.
246 3 0 _aGeórgicas
246 3 0 _aApéndice virgiliano
260 _aMadrid :
_bGredos,
_c[1990]
300 _a600 p. ;
_c20 cm.
490 1 _aBiblioteca clásica Gredos ;
_v141
500 _aÍndice onomástico.
504 _aBibliografía: p. 135-146.
650 0 7 _aLengua latina-
_vTextos.
_914307
700 1 _aVidal Pérez, José Luis.
_9160785
700 1 _aRecio, Tomás de la A.
_995763
700 1 _aSoler Ruiz, Arturo.
_9160786
830 0 _aBiblioteca clásica Gredos ;
_v141
_9177556
852 _aES-MaACL
_jL-30664
_z- enc. cart.
_z. - Donat. Miguel A. Velasco
999 _c186119
_d186119